[Event "Arco op 45th"]
[Site "Arco"]
[Date "2023.10.11"]
[Round "5"]
[White "Eschweiler, Markus"]
[Black "Bangerter, Daria"]
[Result "0-1"]
[WhiteElo "1632"]
[BlackElo "1829"]
[PlyCount "148"]
[EventDate "2023.10.07"]
[EventType "swiss"]
[EventRounds "9"]
[EventCountry "ITA"]
[SourceTitle "Mega2024 Update 01"]
[Source "Chessbase"]
[SourceDate "2023.11.12"]
[SourceVersion "1"]
[SourceVersionDate "2023.11.12"]
[SourceQuality "1"]

1. c4 c5 2. Nf3 g6 3. Nc3 Nc6 4. d4 cxd4 5. Nxd4 Bg7 6. e3 Nf6 7. Nxc6 bxc6 8. Qc2 0-0 9. Be2 d5 10. 0-0 Qc7 11. h3 Be6 12. Na4 Rac8 13. Nc5 Qe5 14. Nxe6 Qxe6 15. Rb1 Ne4 16. b3 Nc3 17. Bb2 Nxb1 18. Bxg7 Kxg7 19. Qb2+ Qf6 20. Qxb1 Rfd8 21. c5 Qe5 22. Ba6 Rb8 23. Rc1 d4 24. e4 Qf4 25. Bd3 a5 26. Qb2 e5 27. g3 Qg5 28. Kg2 Rd7 29. Rd1 Rdb7 30. Qa3 Ra7 31. Qa4 Qf6 32. Rf1 Rb4 33. Qa3 Qe7 34. Qc1 a4 35. Qc2 axb3 36. axb3 Ra3 37. Rb1 Qb7 38. Bc4 Ra5 39. Bd3 Qa7 40. Rc1 Ra2 41. Qd1 Rb8 42. Bc4 Qe7 43. Bd3 Qf6 44. Rc2 Rba8 45. Qd2 Rxc2 46. Qxc2 Rb8 47. Qb2 Qe7 48. Qc2 Qb7 49. Bc4 Qb4 50. Qe2 Qxc5 51. Qf3 Rb7 52. Qd1 Ra7 53. Qf3 Qb4 54. Qg4 Qe1 55. Qf3 Qc3 56. Qe2 Ra1 57. Qf3 Ra7 58. Qe2 Rd7 59. Qd3 Rb7 60. Qe2 Ra7 61. Qf3 Qc1 62. h4 Qc3 63. Qe2 Rd7 64. Qd3 Qxd3 65. Bxd3 Rb7 66. Bc4 Kf6 67. g4 g5 68. h5 Ke7 69. Kf1 Kd6 70. Ke2 Kc5 71. Kd3 Ra7 72. f3 Kb4 73. Ke2 Kc3 74. Bd3 Ra2+ 0-1

[Event "EU-ch U18 Girls 31st"]
[Site "Mamaia"]
[Date "2023.09.08"]
[Round "4"]
[White "Rubinshtein, Kamilla"]
[Black "Bangerter, Daria"]
[Result "1/2-1/2"]
[WhiteElo "2031"]
[BlackElo "1860"]
[PlyCount "75"]
[EventDate "2023.09.05"]
[EventType "swiss"]
[EventRounds "9"]
[EventCountry "ROU"]
[SourceTitle "EXT 2024"]
[Source "ChessBase"]
[SourceDate "2023.10.10"]
[SourceVersion "1"]
[SourceVersionDate "2023.10.10"]
[SourceQuality "1"]

1. e4 c5 2. Nf3 g6 3. c3 d5 4. exd5 Qxd5 5. d4 Bg7 6. Na3 cxd4 7. Bc4 Qe4+ 8. Be3 Nh6 9. cxd4 0-0 10. 0-0 Bg4 11. Bxh6 Bxh6 12. Re1 Bxf3 13. Rxe4 Bxd1 14. Rxd1 Bg5 15. Re5 Bf6 16. Rb5 Nc6 17. d5 Nd8 18. d6 exd6 19. Bd5 Rc8 20. Nc4 b6 21. Rb3 Be5 22. Re3 Nc6 23. g3 b5 24. Nxe5 Nxe5 25. Bb3 Rfd8 26. Rd2 Kf8 27. Kg2 Nc4 28. Bxc4 Rxc4 29. Ra3 Rd7 30. Ra5 Rb4 31. Kf3 Ke7 32. b3 f5 33. Rd3 Rb7 34. Ra6 Rd7 35. Ra5 Rb7 36. Ra6 Rd7 37. Ra5 Rb7 38. Ra6 1/2-1/2

[Event "Biel op-B 56th"]
[Site "Biel"]
[Date "2023.07.19"]
[Round "3"]
[White "Bangerter, Daria"]
[Black "Corbat, Philippe"]
[Result "1-0"]
[WhiteElo "1802"]
[BlackElo "1880"]
[PlyCount "63"]
[EventDate "2023.07.17"]
[EventType "swiss"]
[EventRounds "9"]
[EventCountry "SUI"]
[SourceTitle "EXT 2024"]
[Source "ChessBase"]
[SourceDate "2023.10.10"]
[SourceVersion "1"]
[SourceVersionDate "2023.10.10"]
[SourceQuality "1"]

1. e4 d5 2. exd5 Nf6 3. d4 Qxd5 4. Nc3 Qd6 5. Nf3 c6 6. Bc4 Bg4 7. Be3 Nbd7 8. h3 Bxf3 9. Qxf3 Nb6 10. Bb3 g6 11. 0-0 Bg7 12. Ne4 Qd8 13. Nc5 Qc8 14. Rfe1 0-0 15. Bg5 h6 16. Bh4 g5 17. Bg3 Re8 18. Ne6 Nbd5 19. Nxg7 Kxg7 20. Be5 Kg6 21. c4 Nb6 22. Bc2+ Kg7 23. Qd3 Rh8 24. Bxf6+ exf6 25. Re7 f5 26. d5 cxd5 27. Qd4+ Kg8 28. c5 Qf8 29. Rae1 Nc4 30. Qxd5 Nxb2 31. Qd4 Rc8 32. Qxb2 1-0

[Event "Arco op 44th"]
[Site "Arco"]
[Date "2022.10.13"]
[Round "6"]
[White "Astengo, Corrado"]
[Black "Bangerter, Daria"]
[Result "1/2-1/2"]
[WhiteElo "2008"]
[BlackElo "1685"]
[PlyCount "29"]
[EventDate "2022.10.08"]
[EventType "swiss"]
[EventRounds "9"]
[EventCountry "ITA"]
[SourceTitle "CBM 210 Extra"]
[Source "ChessBase"]
[SourceDate "2022.11.30"]
[SourceVersion "1"]
[SourceVersionDate "2022.11.30"]
[SourceQuality "1"]

1. e4 e5 2. Nf3 Nc6 3. d4 exd4 4. Bc4 Bb4+ 5. Bd2 Bxd2+ 6. Nbxd2 Nf6 7. e5 d5 8. exf6 dxc4 9. Qe2+ Be6 10. fxg7 Rg8 11. Ne4 Qd5 12. b3 0-0-0 13. 0-0-0 Rxg7 14. h3 Qa5 15. Nfg5 1/2-1/2

[Event "Heusenstamm Sparkassen op-B 7th"]
[Site "Heusenstamm"]
[Date "2021.11.20"]
[Round "4.9"]
[White "Bangerter, Daria"]
[Black "Tojcic, Josip"]
[Result "1/2-1/2"]
[WhiteElo "1627"]
[BlackElo "1756"]
[PlyCount "80"]
[EventDate "2021.11.18"]
[EventType "swiss"]
[EventRounds "7"]
[EventCountry "GER"]
[SourceTitle "EXT 2023"]
[Source "ChessBase"]
[SourceDate "2022.10.05"]
[SourceVersion "1"]
[SourceVersionDate "2022.10.05"]
[SourceQuality "1"]

1. e4 d5 2. exd5 Qxd5 3. Nc3 Qd8 4. d4 Bf5 5. Bf4 c6 6. Bc4 e6 7. Nge2 Nf6 8. h3 Bd6 9. 0-0 0-0 10. Re1 Bxf4 11. Nxf4 Qc7 12. Nd3 Nbd7 13. Ne2 Rad8 14. Ng3 Bg6 15. c3 Rfe8 16. Ne5 Nxe5 17. Rxe5 Qxe5 18. dxe5 Rxd1+ 19. Rxd1 Nd5 20. Ne2 Kf8 21. Bd3 Bxd3 22. Rxd3 Ke7 23. g3 Rd8 24. Kf1 h5 25. Rd4 Nb6 26. Rxd8 Kxd8 27. Nf4 g6 28. b3 Nd5 29. Ne2 c5 30. c4 Nb4 31. Nc3 a6 32. Ke2 Kd7 33. Kd2 Nc6 34. f4 Nd4 35. Ne4 b6 36. Kd3 Nc6 37. Kc3 Nd8 38. g4 hxg4 39. hxg4 Kc6 40. Ng5 a5 1/2-1/2

[Event "Stein am Rhein op 12th"]
[Site "Stein am Rhein"]
[Date "2021.11.06"]
[Round "2"]
[White "Bangerter, Daria"]
[Black "Begdullayeva, Diana"]
[Result "1-0"]
[WhiteElo "1627"]
[BlackElo "1189"]
[PlyCount "33"]
[EventDate "2021.11.05"]
[EventType "swiss"]
[EventRounds "5"]
[EventCountry "SUI"]
[SourceTitle "EXT 2023"]
[Source "ChessBase"]
[SourceDate "2022.10.05"]
[SourceVersion "1"]
[SourceVersionDate "2022.10.05"]
[SourceQuality "1"]

1. e4 c5 2. Nf3 Nc6 3. d4 cxd4 4. Nxd4 Nf6 5. Nc3 e5 6. Ndb5 d6 7. Bg5 Be7 8. Bxf6 Bxf6 9. Nxd6+ Kf8 10. Bc4 Qe7 11. Nxf7 Rg8 12. Qd6 Qxd6 13. Nxd6 Rh8 14. 0-0-0 Bg5+ 15. Kb1 Bg4 16. f3 Bh5 17. Nxb7 1-0

[Event "Lugano Paradiso op"]
[Site "Lugano"]
[Date "2021.09.03"]
[Round "1"]
[White "Bangerter, Daria"]
[Black "Levacic, Damir"]
[Result "0-1"]
[WhiteElo "1598"]
[BlackElo "2193"]
[PlyCount "74"]
[EventDate "2021.09.03"]
[EventType "swiss"]
[EventRounds "5"]
[EventCountry "SUI"]
[SourceTitle "EXT 2022"]
[Source "ChessBase"]
[SourceDate "2021.10.06"]
[SourceVersion "1"]
[SourceVersionDate "2021.10.06"]
[SourceQuality "1"]

1. e4 g6 2. d4 Bg7 3. Be3 c5 4. Nf3 Nc6 5. Nc3 cxd4 6. Nxd4 d6 7. f3 Nf6 8. Bc4 Bd7 9. Qd2 Rc8 10. Bb3 Ne5 11. 0-0-0 Nc4 12. Bxc4 Rxc4 13. Nb3 a5 14. Qd3 Rc8 15. g4 a4 16. Nd2 a3 17. Nc4 axb2+ 18. Kxb2 b5 19. Nb6 b4 20. Nca4 Nxg4+ 21. Kb1 Nxe3 22. Qxe3 Bxa4 23. Nxa4 Qa5 24. Qb3 0-0 25. Rd5 Qa7 26. h4 Ra8 27. Nb2 Rfc8 28. Nd1 Qb6 29. a4 bxa3 30. Qxb6 a2+ 31. Kc1 a1Q+ 32. Kd2 Ra2 33. Qb3 Bh6+ 34. Kd3 Ra3 35. Nc3 Rxc3+ 36. Qxc3 Qxc3+ 37. Ke2 Ra1 0-1

[Event "EU-ch Online U14 Girls"]
[Site "Tornelo INT"]
[Date "2020.09.20"]
[Round "9"]
[White "Bangerter, Daria"]
[Black "Chicarosie, Ioana Bianca"]
[Result "0-1"]
[WhiteElo "1467"]
[BlackElo "1376"]
[PlyCount "116"]
[EventDate "2020.09.18"]
[EventType "swiss (rapid)"]
[EventRounds "9"]
[EventCountry "NET"]
[SourceTitle "EXT 2023"]
[Source "ChessBase"]
[SourceDate "2022.10.05"]
[SourceVersion "1"]
[SourceVersionDate "2022.10.05"]
[SourceQuality "1"]
[WhiteTeam "Schweiz"]
[BlackTeam "Romania"]
[WhiteTeamCountry "SUI"]
[BlackTeamCountry "ROU"]

1. e4 e6 2. d4 d5 3. Nd2 Nf6 4. e5 Nfd7 5. Bd3 c5 6. c3 b6 7. Ne2 Ba6 8. Nf3 Bxd3 9. Qxd3 Be7 10. 0-0 0-0 11. Ne1 Nc6 12. Qg3 Kh8 13. Qh3 Qc8 14. f4 f5 15. g4 g6 16. Be3 Qb7 17. Rf3 Rg8 18. Kh1 cxd4 19. cxd4 Rac8 20. a3 Na5 21. Nc3 b5 22. Nd3 Nb3 23. Rg1 a5 24. Qh6 b4 25. axb4 axb4 26. Ne2 Qb5 27. Bf2 Rc2 28. Nec1 Nxc1 29. Nxc1 Rxb2 30. gxf5 exf5 31. Nd3 Rd2 32. e6 Rxd3 33. Rxd3 Qxd3 34. exd7 Qe4+ 35. Rg2 Qe6 36. Bh4 Qxd7 37. Bxe7 Qxe7 38. Qh3 Qe1+ 39. Rg1 Qe4+ 40. Rg2 Qxd4 41. Qh4 Re8 42. Rxg6 Qe4+ 43. Rg2 Qe1+ 44. Qxe1 Rxe1+ 45. Rg1 Rxg1+ 46. Kxg1 b3 47. h4 b2 48. h5 b1Q+ 49. Kh2 Qe4 50. h6 Qxf4+ 51. Kg1 Qxh6 52. Kf1 Qd2 53. Kg1 Kg7 54. Kh1 Kg6 55. Kg1 Kg5 56. Kh1 Kg4 57. Kg1 Kg3 58. Kf1 Qf2# 0-1

[Event "EU-ch Online U14 Girls"]
[Site "Tornelo INT"]
[Date "2020.09.18"]
[Round "3"]
[White "Mosurovic, Milena"]
[Black "Bangerter, Daria"]
[Result "1-0"]
[WhiteElo "1868"]
[BlackElo "1467"]
[PlyCount "65"]
[EventDate "2020.09.18"]
[EventType "swiss (rapid)"]
[EventRounds "9"]
[EventCountry "NET"]
[SourceTitle "EXT 2023"]
[Source "ChessBase"]
[SourceDate "2022.10.05"]
[SourceVersion "1"]
[SourceVersionDate "2022.10.05"]
[SourceQuality "1"]
[WhiteTeam "Montenegro"]
[BlackTeam "Schweiz"]
[WhiteTeamCountry "MNE"]
[BlackTeamCountry "SUI"]

1. e4 e5 2. Nf3 Nc6 3. Bc4 Bc5 4. c3 Nf6 5. d4 exd4 6. cxd4 Bb4+ 7. Bd2 Bxd2+ 8. Nbxd2 d5 9. exd5 Nxd5 10. 0-0 0-0 11. Nb3 Nb6 12. Be2 Ne7 13. Qc2 Ned5 14. Rac1 Re8 15. a3 c6 16. Bd3 h6 17. Rfe1 Be6 18. Nc5 Qc8 19. Nxe6 Rxe6 20. Rxe6 Qxe6 21. Re1 Qf6 22. Re5 Nd7 23. Rf5 Qe6 24. Ne5 N7f6 25. Rf3 Rd8 26. Bf5 Qe7 27. Qb3 Qc7 28. Be4 Nxe4 29. Rxf7 Qb6 30. Qf3 Qxd4 31. Rxg7+ Kxg7 32. Qf7+ Kh8 33. Ng6# 1-0

[Event "EU Union-ch U14"]
[Site "Kouty nad Desnou"]
[Date "2020.08.20"]
[Round "7"]
[White "Bangerter, Daria"]
[Black "Nespora, Tatana"]
[Result "0-1"]
[WhiteElo "1494"]
[BlackElo "1261"]
[PlyCount "74"]
[EventDate "2020.08.14"]
[EventType "swiss"]
[EventRounds "9"]
[EventCountry "CZE"]
[SourceTitle "EXT 2021"]
[Source "ChessBase"]
[SourceDate "2020.10.23"]
[SourceVersion "1"]
[SourceVersionDate "2020.10.23"]
[SourceQuality "1"]

1. e4 c5 2. Nf3 Nc6 3. d4 cxd4 4. Nxd4 Nf6 5. Nc3 e5 6. Ndb5 d6 7. Bg5 a6 8. Na3 b5 9. Nd5 Be7 10. Bxf6 Bxf6 11. c3 Bg5 12. Nc2 Rb8 13. Be2 0-0 14. 0-0 g6 15. b4 Kh8 16. a4 f5 17. axb5 axb5 18. Bf3 Bh6 19. Qd3 f4 20. c4 bxc4 21. Qxc4 Ne7 22. Ra7 Nxd5 23. Qxd5 g5 24. Rd1 Qb6 25. Re7 g4 26. Be2 f3 27. gxf3 gxf3 28. Bc4 Ba6 29. Kf1 Rbc8 30. Bxa6 Rxc2 31. Rd4 Qxa6+ 32. b5 Rc1+ 33. Rd1 Qxb5+ 34. Kg1 Qxd5 35. Rxc1 Qg8+ 36. Kf1 Qg2+ 37. Ke1 Qg1# 0-1

[Event "EU Union-ch U14"]
[Site "Kouty nad Desnou"]
[Date "2020.08.19"]
[Round "6"]
[White "Bangerter, Daria"]
[Black "Vilimek, Vit"]
[Result "0-1"]
[WhiteElo "1494"]
[BlackElo "1761"]
[PlyCount "156"]
[EventDate "2020.08.14"]
[EventType "swiss"]
[EventRounds "9"]
[EventCountry "CZE"]
[SourceTitle "EXT 2021"]
[Source "ChessBase"]
[SourceDate "2020.10.23"]
[SourceVersion "1"]
[SourceVersionDate "2020.10.23"]
[SourceQuality "1"]

1. e4 c5 2. Nf3 a6 3. d4 cxd4 4. Nxd4 Nf6 5. Nc3 e5 6. Nde2 Bc5 7. Ng3 Qb6 8. Qe2 0-0 9. b3 Bd4 10. Bb2 Qc6 11. Qc4 Ng4 12. Nd1 Nxf2 13. Nxf2 Bxb2 14. Rb1 Bc3+ 15. Kd1 Bd4 16. Qxc6 Nxc6 17. Nd3 d6 18. Be2 b5 19. c4 Be6 20. Nb2 Rfb8 21. Nf5 Bxf5 22. exf5 Bxb2 23. Rxb2 Nd4 24. g4 Nxe2 25. Kxe2 bxc4 26. Rd1 cxb3 27. Rxd6 a5 28. Rxb3 Rxb3 29. axb3 f6 30. Rd5 h6 31. Kf2 a4 32. bxa4 Rxa4 33. Rd8+ Kh7 34. h3 Ra3 35. Kg2 h5 36. Rd5 Kh6 37. Rd7 h4 38. Rd8 Rg3+ 39. Kh2 Kh7 40. Rd2 Ra3 41. Rg2 Ra4 42. Re2 Kh6 43. Rd2 Ra7 44. Re2 Kg5 45. Re4 Ra2+ 46. Kg1 Rd2 47. Ra4 Rd7 48. Rb4 Ra7 49. Re4 Ra3 50. Kg2 Rg3+ 51. Kh2 Rd3 52. Rb4 g6 53. fxg6 Kxg6 54. Rc4 Rd4 55. Rc8 e4 56. Rg8+ Kh6 57. Rh8+ Kg5 58. Rh5+ Kf4 59. Rf5+ Ke3 60. Rxf6 Kd2 61. Rf4 Ke3 62. Rf1 Ke2 63. Rf4 Rd2 64. Kg1 e3 65. Rf6 Rd5 66. Rf1 Kd2 67. Ra1 e2 68. Ra2+ Ke1 69. Ra4 Rd3 70. Ra1+ Rd1 71. Ra2 Rc1 72. g5 Kd1 73. g6 e1Q+ 74. Kh2 Qe5+ 75. Kg2 Qd5+ 76. Kf1 Qxa2 77. g7 Qd2 78. g8Q Kc2# 0-1

[Event "EU Union-ch U14"]
[Site "Kouty nad Desnou"]
[Date "2020.08.17"]
[Round "4"]
[White "Buchholz, Maja Patricia"]
[Black "Bangerter, Daria"]
[Result "1/2-1/2"]
[WhiteElo "1724"]
[BlackElo "1494"]
[PlyCount "135"]
[EventDate "2020.08.14"]
[EventType "swiss"]
[EventRounds "9"]
[EventCountry "CZE"]
[SourceTitle "EXT 2021"]
[Source "ChessBase"]
[SourceDate "2020.10.23"]
[SourceVersion "1"]
[SourceVersionDate "2020.10.23"]
[SourceQuality "1"]

1. c4 e6 2. g3 d5 3. cxd5 exd5 4. d4 Nf6 5. Bg2 c6 6. Nf3 Bd6 7. 0-0 h6 8. Qc2 0-0 9. Nc3 Re8 10. e3 Nbd7 11. Bd2 Nf8 12. Rfc1 Ng6 13. Na4 Ne4 14. b4 Ng5 15. Ne1 Nh3+ 16. Kf1 Qf6 17. f3 h5 18. b5 Bf5 19. Qb3 Bd7 20. Nc5 Bxc5 21. Rxc5 h4 22. Rac1 Rab8 23. a4 hxg3 24. hxg3 Qg5 25. g4 Qh4 26. Nd3 Ng5 27. Be1 Qh6 28. Bg3 Rbd8 29. Nb4 Ne7 30. Kf2 Qf6 31. Ke2 Ne6 32. R5c2 Qxd4 33. exd4 Nxd4+ 34. Kd3 Nxb3 35. Rb1 Na5 36. Bc7 Rc8 37. Bxa5 b6 38. bxc6 Nxc6 39. Rbc1 Nxa5 40. Rxc8 Rxc8 41. Rxc8+ Bxc8 42. Nxd5 Bd7 43. Nc3 Nb7 44. Kc4 Nc5 45. Kb4 Nd3+ 46. Kc4 Nc5 47. Kb4 Nd3+ 48. Kb3 Ne1 49. Bh1 Bc6 50. Ne4 Nd3 51. Kc3 Ne5 52. Kb4 Bxe4 53. fxe4 Nxg4 54. Kb5 Ne5 55. Ka6 Nd7 56. Bf3 Nc5+ 57. Kb5 Ne6 58. Bd1 g5 59. e5 Kf8 60. Ka6 Nc5+ 61. Kxa7 Nxa4 62. Bxa4 Ke7 63. Bb3 g4 64. Kxb6 g3 65. Bd5 g2 66. Bxg2 Ke6 67. Kc5 Kxe5 68. Bd5 1/2-1/2

[Event "Stein am Rhein op 11th"]
[Site "Stein am Rhein"]
[Date "2020.02.07"]
[Round "1"]
[White "Berg, Wolfgang"]
[Black "Bangerter, Daria"]
[Result "1-0"]
[WhiteElo "1779"]
[BlackElo "1402"]
[PlyCount "121"]
[EventDate "2020.02.07"]
[EventType "swiss"]
[EventRounds "5"]
[EventCountry "SUI"]
[SourceTitle "CBM 195 Extra"]
[Source "ChessBase"]
[SourceDate "2020.05.31"]
[SourceVersion "1"]
[SourceVersionDate "2020.05.31"]
[SourceQuality "1"]

1. a3 e5 2. e3 d5 3. d4 Bd6 4. c4 c6 5. Nc3 Nf6 6. Qb3 e4 7. Bd2 Bc7 8. cxd5 cxd5 9. Rc1 Nc6 10. Nb5 Bb6 11. Ne2 a6 12. Nbc3 Na5 13. Qa2 Be6 14. Nf4 Rc8 15. Be2 0-0 16. 0-0 Bc7 17. Nxe6 fxe6 18. Na4 Qd6 19. g3 b5 20. Bb4 Qd8 21. Bxf8 bxa4 22. Bb4 Nb3 23. Rc2 Ba5 24. Bxa5 Nxa5 25. Rfc1 Rxc2 26. Rxc2 Nb3 27. Qb1 Qa5 28. Qd1 h6 29. Kf1 Nh7 30. h4 g5 31. Rc3 gxh4 32. gxh4 Qd8 33. Bh5 Qxh4 34. Qg4+ Qxg4 35. Bxg4 Ng5 36. Bd1 Nd2+ 37. Ke2 Ngf3 38. Bxa4 h5 39. Rc1 h4 40. Rh1 Nc4 41. b3 Nxa3 42. b4 Kg7 43. Be8 Kh6 44. Bf7 Nc2 45. Bxe6 Nxb4 46. Rb1 a5 47. Ra1 Ng5 48. Bg4 h3 49. Bxh3 Nxh3 50. Rh1 a4 51. Rxh3+ Kg5 52. Rh1 Nd3 53. Rg1+ Kf6 54. Ra1 Nb2 55. Ra2 Nd3 56. Rxa4 Nc1+ 57. Kf1 Nd3 58. Kg2 Ne1+ 59. Kg3 Nf3 60. Ra6+ Kf5 61. Rd6 1-0